THE SABDAKALPADRUMA (Record no. 11398)

MARC details
000 -LEADER
fixed length control field 00339nam a22001457a 4500
003 - CONTROL NUMBER IDENTIFIER
control field SGT
020 ## - INTERNATIONAL STANDARD BOOK NUMBER
International Standard Book Number 978-93-83721-89-4
082 ## - DEWEY DECIMAL CLASSIFICATION NUMBER
Classification number 603
Item number S15V
100 ## - MAIN ENTRY--PERSONAL NAME
Personal name VASUNA, WARDA.PRASAD
245 ## - TITLE STATEMENT
Title THE SABDAKALPADRUMA
260 ## - PUBLICATION, DISTRIBUTION, ETC. (IMPRINT)
Place of publication, distribution, etc VARANSI
Name of publisher, distributor, etc CHAUKHAMBHA PUB
Year of Publication 2015
300 ## - PAGE DESCRIPTION
No. of Pages 315+837+782+585+555
650 ## - SUBJECT ADDED ENTRY--TOPICAL TERM
Topical term or geographic name as entry element AYURVEDA
942 ## - ADDED ENTRY ELEMENTS (KOHA)
Source of classification or shelving scheme Dewey Decimal Classification
Koha item type Books
942 ## - ADDED ENTRY ELEMENTS (KOHA)
-- 1
Holdings
Withdrawn status Lost status Source of classification or shelving scheme Damaged status Use restrictions Not for loan Collection code Home library Current library Shelving location Date acquired Vendor Name Cost, normal purchase price Volume Information (Serial or Books or Non-Book Material) SGTU Bill Number Full call number Accession No. (Barcode) Date last seen Bill Date Koha item type Total Checkouts Date last borrowed
    Dewey Decimal Classification   Restricted Access   AYURVEDA SGT FA-FP Library SGT FA-FP Library Reference Book 29/03/2017 CHAUKHAMBHA PUB 15000.00 1 SGTU CP/B/948 603 S15V FA6165 29/03/2017 09/02/2017 Books    
    Dewey Decimal Classification   Restricted Access   AYURVEDA SGT FA-FP Library SGT FA-FP Library Reference Book 29/03/2017 CHAUKHAMBHA PUB 15000.00 2 SGTU CP/B/948 603 S15V FA6166 07/05/2024 09/02/2017 Books 2 07/05/2024
    Dewey Decimal Classification   Restricted Access   AYURVEDA SGT FA-FP Library SGT FA-FP Library Reference Book 29/03/2017 CHAUKHAMBHA PUB 15000.00 3 SGTU CP/B/948 603 S15V FA6167 29/03/2017 09/02/2017 Books    
    Dewey Decimal Classification   Restricted Access   AYURVEDA SGT FA-FP Library SGT FA-FP Library Reference Book 29/03/2017 CHAUKHAMBHA PUB 15000.00 4 SGTU CP/B/948 603 S15V FA6168 29/03/2017 09/02/2017 Books    
    Dewey Decimal Classification   Restricted Access   AYURVEDA SGT FA-FP Library SGT FA-FP Library Reference Book 29/03/2017 CHAUKHAMBHA PUB 15000.00 5 SGTU CP/B/948 603 S15V FA6169 29/03/2017 09/02/2017 Books